Walrasian and marshallian stability <an> application to the australian pig industry

Guardado en:
Detalles Bibliográficos
Autor principal: Purcell, Tim
Otros Autores: Beard, Rodney, McDonald, Stuart
Formato: Libro
Lenguaje:inglés
Publicado: Brisbane The University of Queensland 1999
Colección:Discussion paper No. 254
Materias:
Etiquetas: Agregar Etiqueta
Sin Etiquetas, Sea el primero en etiquetar este registro!

MARC

LEADER 00000nam a2200000 4500
001 c115043
005 20221221083920.9
022 |a 1033-4661 
041 0 |a eng 
044 |a AU 
245 1 0 |a Walrasian and marshallian stability  |b <an> application to the australian pig industry  |c Tim Purcell, Rodney Beard and Stuart McDonald 
264 1 |a Brisbane  |b The University of Queensland  |c 1999 
300 |a 25 s. 
490 1 |a Discussion paper  |v No. 254 
830 0 |a Discussion paper  |v No. 254 
610 2 0 |a mäsopriemysel 
610 2 0 |a obchod medzinárodný 
610 2 0 |a modely 
610 2 0 |a stabilita hospodárstva 
610 2 0 |a Austrália 
100 1 |a Purcell, Tim 
700 1 |a Beard, Rodney 
700 1 |a McDonald, Stuart